Countries That Consume The Most Chocolate - Statistics

General Stats
  • This quiz has been taken 9 times
  • The average score is 6 of 10
Answer Stats
Lbs Of Chocolate Country % Correct
18.1 lbs Switzerland
100%
16.3 lbs Germany
88%
15.7 lbs Austria
75%
14.6 lbs United Kingdom
75%
11 lbs Sweden
63%
15.1 lbs Ireland
50%
12 lbs Estonia
38%
13 lbs Norway
38%
10.7 lbs Slovakia
38%
10.9 lbs Kazakhstan
25%
No matching quizzes found
Score Distribution
Percent of People with Each Score
Percentile by Number Answered
Your Score History
You have not taken this quiz